Science Quiz

Random Science or Astronomy Quiz

Challenger Crew Quiz Stats

 Plays Quiz Updated Jan 28, 2016

Challenge
Share
Tweet
Score 0/7 Timer 04:00
0 Plays Today
% Correct
Payload Specialist S. Christa McAuliffe
73.6%
Pilot Michael J. Smith
65.6%
Mission Specialist Judith A. Resnik
53.3%
Mission Specialist Ronald E. McNair
53.3%
Commander Francis 'Dick' Scobee
50.4%
Payload Specialist Gregory B. Jarvis
49.6%
Mission Specialist Ellison S. Onizuka
46.2%

You're not logged in!

Compare scores with friends on all Sporcle quizzes.
OR
Log In

You Might Also Like...

Show Comments

Extras

Top Quizzes Today


Score Distribution

Your Account Isn't Verified!

In order to create a playlist on Sporcle, you need to verify the email address you used during registration. Go to your Sporcle Settings to finish the process.

Report this User

Report this user for behavior that violates our Community Guidelines.

Details: